[Event "Gothenburg op"]
[Site "Gothenburg"]
[Date "2022.08.13"]
[Round "6"]
[White "Larsson, Torbjorn"]
[Black "Fransson, Lennard"]
[Result "1-0"]
[WhiteElo "2070"]
[BlackElo "1958"]
[PlyCount "89"]
[EventDate "2022.08.12"]
[EventType "swiss"]
[EventRounds "8"]
[EventCountry "SWE"]
[SourceTitle "CBM 209 Extra"]
[Source "ChessBase"]
[SourceDate "2022.09.30"]
[SourceVersion "1"]
[SourceVersionDate "2022.09.30"]
[SourceQuality "1"]

1. e4 Nf6 2. e5 Nd5 3. d4 d6 4. Nf3 Bg4 5. Be2 e6 6. h3 Bh5 7. c4 Nb6 8. exd6 cxd6 9. Nc3 Be7 10. Bf4 0-0 11. Rc1 a6 12. b3 d5 13. c5 Bxf3 14. Bxf3 Nc8 15. 0-0 Nc6 16. Be3 f5 17. Qd2 g5 18. g3 Bf6 19. Ne2 Qe7 20. Bg2 h5 21. h4 f4 22. gxf4 gxh4 23. f5 Kh8 24. Nf4 Rg8 25. Ng6+ Rxg6 26. fxg6 Qg7 27. Kh1 N8e7 28. Rg1 Nf5 29. Bh3 Nfxd4 30. Qd1 Kg8 31. Qxh5 Qh8 32. Qd1 Kg7 33. Rg4 Nf5 34. Rg2 Nfd4 35. a3 e5 36. b4 e4 37. Bg5 Rf8 38. a4 Kxg6 39. Bxf6+ Kxf6 40. b5 axb5 41. axb5 Nxb5 42. Qxd5 Re8 43. Rcg1 Qh7 44. Rg5 Re5 45. Rxe5 1-0

[Event "Gothenburg op"]
[Site "Gothenburg"]
[Date "2022.08.12"]
[Round "2"]
[White "Persson, Sebastian"]
[Black "Fransson, Lennard"]
[Result "0-1"]
[WhiteElo "1631"]
[BlackElo "1958"]
[PlyCount "72"]
[EventDate "2022.08.12"]
[EventType "swiss"]
[EventRounds "8"]
[EventCountry "SWE"]
[SourceTitle "CBM 209 Extra"]
[Source "ChessBase"]
[SourceDate "2022.09.30"]
[SourceVersion "1"]
[SourceVersionDate "2022.09.30"]
[SourceQuality "1"]

1. d4 Nf6 2. c4 c5 3. Nf3 g6 4. g3 Bg7 5. Bg2 0-0 6. 0-0 Na6 7. Nc3 d6 8. dxc5 Nxc5 9. Qc2 Bf5 10. Qd1 Nfe4 11. Nd4 Rc8 12. Nxf5 gxf5 13. Qc2 Nxc3 14. bxc3 Qd7 15. Be3 Na4 16. Rab1 b6 17. Bd4 e5 18. Be3 Rxc4 19. Rb4 Rfc8 20. Rxc4 Rxc4 21. Bh3 e4 22. Qb3 b5 23. Bd4 Nxc3 24. Bxg7 Kxg7 25. Qb2 Kg8 26. Qd2 Qe6 27. Re1 Rc5 28. Qg5+ Qg6 29. Qd8+ Kg7 30. Qd7 f4 31. Qxa7 e3 32. fxe3 fxg3 33. hxg3 Qxg3+ 34. Bg2 Qxe1+ 35. Kh2 Rh5+ 36. Bh3 Qf2+ 0-1

[Event "Vaxjo op"]
[Site "Vaxjo"]
[Date "2022.03.05"]
[Round "6"]
[White "Fransson, Lennard"]
[Black "Krantz, Christopher"]
[Result "0-1"]
[WhiteElo "1955"]
[BlackElo "2245"]
[PlyCount "56"]
[EventDate "2022.03.04"]
[EventType "swiss"]
[EventRounds "8"]
[EventCountry "SWE"]
[SourceTitle "EXT 2023"]
[Source "ChessBase"]
[SourceDate "2022.10.05"]
[SourceVersion "1"]
[SourceVersionDate "2022.10.05"]
[SourceQuality "1"]

1. c4 g6 2. g3 Bg7 3. Bg2 e5 4. Nc3 d6 5. d3 Nc6 6. e3 Be6 7. Nge2 Qd7 8. 0-0 Bh3 9. Ne4 Bxg2 10. Kxg2 f5 11. N4c3 Nf6 12. Nd5 Nxd5 13. cxd5 Ne7 14. Nc3 c6 15. dxc6 Qxc6+ 16. Kg1 d5 17. e4 d4 18. Ne2 fxe4 19. dxe4 Qxe4 20. Bg5 Qd5 21. f4 Nc6 22. fxe5 Bxe5 23. Nc3 Qe6 24. Ne4 h6 25. Nf6+ Kd8 26. Ne4+ hxg5 27. Nxg5 Qe7 28. Nf7+ Kc7 0-1

[Event "Karlstad op"]
[Site "Karlstad"]
[Date "2019.12.28"]
[Round "4"]
[White "Fransson, Lennard"]
[Black "Sjoberg, Isak"]
[Result "1/2-1/2"]
[WhiteElo "1974"]
[BlackElo "2229"]
[PlyCount "65"]
[EventDate "2019.12.27"]
[EventType "swiss"]
[EventRounds "8"]
[EventCountry "SWE"]
[SourceTitle "CBM 195 Extra"]
[Source "ChessBase"]
[SourceDate "2020.05.31"]
[SourceVersion "1"]
[SourceVersionDate "2020.05.31"]
[SourceQuality "1"]

1. c4 Nf6 2. g3 g6 3. Bg2 Bg7 4. Nc3 0-0 5. e4 d6 6. Nge2 c5 7. d3 Nc6 8. 0-0 a6 9. h3 Ne8 10. Rb1 Nc7 11. a3 b5 12. e5 Nxe5 13. Bxa8 Nxa8 14. f4 Nc6 15. Kh2 Qd7 16. g4 h5 17. f5 Be5+ 18. Bf4 hxg4 19. hxg4 Kg7 20. Nd5 Bb7 21. Kg3 gxf5 22. Bxe5+ Nxe5 23. Rxf5 e6 24. Rg5+ Ng6 25. Nef4 exd5 26. Nh5+ Kh8 27. Qf3 Qe7 28. Rh1 Qxg5 29. Nf6+ Nh4 30. Rxh4+ Kg7 31. Nh5+ Kg8 32. Nf6+ Kg7 33. Nh5+ 1/2-1/2

[Event "Gothenburg Kvibergspelen"]
[Site "Gothenburg"]
[Date "2018.04.21"]
[Round "5"]
[White "Fransson, Lennard"]
[Black "Pantzar, Milton"]
[Result "0-1"]
[WhiteElo "2035"]
[BlackElo "2295"]
[PlyCount "106"]
[EventDate "2018.04.20"]
[EventType "swiss"]
[EventRounds "8"]
[EventCountry "SWE"]
[SourceTitle "CBM 184 Extra"]
[Source "ChessBase"]
[SourceDate "2018.06.28"]
[SourceVersion "1"]
[SourceVersionDate "2018.06.28"]
[SourceQuality "1"]

1. c4 Nf6 2. g3 c6 3. Bg2 d5 4. Qc2 e5 5. d3 d4 6. Nf3 Nbd7 7. 0-0 Bd6 8. Bg5 h6 9. Bxf6 Nxf6 10. Nbd2 Qe7 11. h3 0-0 12. Rfe1 Re8 13. e3 dxe3 14. Rxe3 Bf5 15. Rae1 Rad8 16. Kh2 Nd7 17. a3 Qf8 18. Qc3 Bg6 19. d4 exd4 20. Nxd4 Rxe3 21. Qxe3 Ne5 22. Be4 Bc5 23. N2b3 Bxd4 24. Nxd4 Nxc4 25. Qc3 Bxe4 26. Rxe4 Nd6 27. Rg4 Re8 28. Qa5 a6 29. Qd2 Re4 30. Rxe4 Nxe4 31. Qf4 Nd6 32. Nf5 Nxf5 33. Qxf5 Qd8 34. Qe5 Qd7 35. b4 Kh7 36. Qe3 Qf5 37. Kg2 a5 38. bxa5 Qxa5 39. Qd3+ g6 40. Qe3 Qd5+ 41. Kg1 c5 42. h4 c4 43. Kf1 Qd1+ 44. Kg2 Qd7 45. Qc3 Qd5+ 46. Kf1 Qd1+ 47. Kg2 Qb3 48. Qf6 c3 49. h5 g5 50. Qf5+ Kg8 51. Qd3 Qxa3 52. Qd8+ Qf8 53. Qd3 Qc8 0-1

[Event "Gothenburg Kvibergspelen"]
[Site "Gothenburg"]
[Date "2017.05.06"]
[Round "5"]
[White "Rydstrom, Tom"]
[Black "Fransson, Lennard"]
[Result "1-0"]
[WhiteElo "2312"]
[BlackElo "2082"]
[PlyCount "38"]
[EventDate "2017.05.05"]
[EventType "swiss"]
[EventRounds "8"]
[EventCountry "SWE"]
[SourceTitle "CBM 178 Extra"]
[Source "ChessBase"]
[SourceDate "2017.06.22"]
[SourceVersion "1"]
[SourceVersionDate "2017.06.22"]
[SourceQuality "1"]

1. Nc3 f5 2. e4 fxe4 3. Nxe4 Nf6 4. Nxf6+ exf6 5. d4 d5 6. Bd3 Be6 7. Ne2 Bd6 8. Nf4 Bf7 9. 0-0 0-0 10. Qg4 Re8 11. Bd2 Nd7 12. Nxd5 Bxd5 13. Qf5 Be6 14. Qxh7+ Kf8 15. Bh6 Re7 16. Qh8+ Bg8 17. Bc4 Rf7 18. Bxf7 Kxf7 19. Qxg7+ Ke6 1-0

[Event "Reykjavik op"]
[Site "Reykjavik"]
[Date "2016.03.12"]
[Round "6"]
[White "Hansen, Lars Henrik Bech"]
[Black "Fransson, Lennard"]
[Result "1-0"]
[WhiteElo "1970"]
[BlackElo "2144"]
[PlyCount "99"]
[EventDate "2016.03.08"]
[EventType "swiss"]
[EventRounds "10"]
[EventCountry "ISL"]
[SourceTitle "CBM 171 Extra"]
[Source "ChessBase"]
[SourceDate "2016.04.26"]
[SourceVersion "1"]
[SourceVersionDate "2016.04.26"]
[SourceQuality "1"]

1. e4 c5 2. Nf3 Nf6 3. Nc3 d5 4. exd5 Nxd5 5. Bc4 e6 6. 0-0 Be7 7. Ne4 0-0 8. d3 Nc6 9. c3 f5 10. Ng3 Kh8 11. Re1 f4 12. Nh5 Bd6 13. d4 g6 14. dxc5 Bc7 15. Nd4 gxh5 16. Nxe6 Bxe6 17. Rxe6 Nf6 18. Qe2 Qd7 19. b4 Rae8 20. Bb2 Nd8 21. Re1 f3 22. gxf3 Qg7+ 23. Kh1 Rxe6 24. Bxe6 Qg5 25. Bc1 Qh4 26. f4 Re8 27. Qc4 Qxf2 28. Rf1 Qh4 29. Bd5 Ng4 30. Qd4+ Be5 31. Qd2 Rf8 32. c4 Nh6 33. Re1 Bf6 34. b5 Nf5 35. c6 bxc6 36. bxc6 Nxc6 37. Bxc6 Rd8 38. Bd5 Nd4 39. Qe3 Nf5 40. Qe6 Ng7 41. Qe2 h6 42. Rg1 Re8 43. Rg6 Qe1+ 44. Qxe1 Rxe1+ 45. Kg2 Kh7 46. Rxf6 Rxc1 47. Ra6 Rc2+ 48. Kf3 Rxh2 49. Rxa7 Rh1 50. c5 1-0

[Event "Reykjavik op"]
[Site "Reykjavik"]
[Date "2016.03.10"]
[Round "4"]
[White "Christiansen, Johan Sebastian"]
[Black "Fransson, Lennard"]
[Result "1-0"]
[WhiteElo "2401"]
[BlackElo "2144"]
[PlyCount "75"]
[EventDate "2016.03.08"]
[EventType "swiss"]
[EventRounds "10"]
[EventCountry "ISL"]
[SourceTitle "CBM 171 Extra"]
[Source "ChessBase"]
[SourceDate "2016.04.26"]
[SourceVersion "1"]
[SourceVersionDate "2016.04.26"]
[SourceQuality "1"]

1. Nf3 f5 2. d3 Nf6 3. e4 d6 4. Nc3 e5 5. exf5 Bxf5 6. d4 e4 7. Nh4 Bg4 8. Be2 Bxe2 9. Qxe2 d5 10. Bg5 Bb4 11. Qb5+ Nc6 12. Qxb7 Nxd4 13. 0-0-0 Bxc3 14. bxc3 Rb8 15. Qa6 Rb6 16. Qa4+ Nc6 17. Be3 Qb8 18. Bxb6 Qxb6 19. Nf5 Kf7 20. Ne3 Rb8 21. g4 d4 22. cxd4 Qb2+ 23. Kd2 Nxd4 24. Qc4+ Ne6 25. Rb1 Rd8+ 26. Ke2 Qe5 27. Rhd1 Rxd1 28. Rxd1 Qxh2 29. Rb1 Qf4 30. Rb5 Qf3+ 31. Ke1 Qh1+ 32. Qf1 Qh2 33. g5 Nd7 34. Qc4 Ne5 35. Qxe4 Nd4 36. g6+ hxg6 37. Qd5+ Kf6 38. Qxd4 1-0

[Event "Reykjavik op"]
[Site "Reykjavik"]
[Date "2016.03.09"]
[Round "2"]
[White "Esserman, Marc"]
[Black "Fransson, Lennard"]
[Result "1-0"]
[WhiteElo "2458"]
[BlackElo "2144"]
[PlyCount "111"]
[EventDate "2016.03.08"]
[EventType "swiss"]
[EventRounds "10"]
[EventCountry "ISL"]
[SourceTitle "CBM 171 Extra"]
[Source "ChessBase"]
[SourceDate "2016.04.26"]
[SourceVersion "1"]
[SourceVersionDate "2016.04.26"]
[SourceQuality "1"]

1. e4 c6 2. d4 d5 3. e5 Bf5 4. Nf3 e6 5. Be2 Ne7 6. 0-0 Bg6 7. Nbd2 Nf5 8. a4 Be7 9. g4 Nh6 10. h3 Nd7 11. Nb3 Ng8 12. Ne1 f6 13. f4 fxe5 14. fxe5 Bg5 15. Ng2 Bxc1 16. Rxc1 Qe7 17. a5 a6 18. c4 Nh6 19. cxd5 exd5 20. Bd3 Bxd3 21. Qxd3 0-0-0 22. Nf4 Kb8 23. e6 Nf8 24. Nc5 g5 25. Nh5 Rd6 26. Rce1 Ng6 27. Qg3 Ka7 28. Re3 Rb8 29. Rf6 Rdd8 30. Kh2 b6 31. Nd7 bxa5 32. Nxb8 Rxb8 33. Rf2 Rb7 34. Rfe2 Qb4 35. Rd3 Qc4 36. Qe3 Ng8 37. Rc3 Qa4 38. Qxg5 Qxd4 39. Rxc6 Rxb2 40. Rc7+ Kb6 41. Rcc2 Rxc2 42. Rxc2 N8e7 43. Qc1 Qe5+ 44. Ng3 d4 45. Qb2+ Ka7 46. Qa3 Kb6 47. Rb2+ Ka7 48. Qa4 Qd5 49. Qd7+ Qxd7 50. exd7 Nc6 51. Nf5 d3 52. Nd4 Nd8 53. Nf3 Nf4 54. Kg3 Nd5 55. Ne5 Nb4 56. Rd2 1-0

[Event "Gothenburg op"]
[Site "Gothenburg"]
[Date "2012.08.13"]
[Round "4"]
[White "Ljunggren, Jacob"]
[Black "Fransson, Lennard"]
[Result "0-1"]
[WhiteElo "1973"]
[BlackElo "2099"]
[PlyCount "60"]
[EventDate "2012.08.11"]
[EventType "swiss"]
[EventRounds "9"]
[EventCountry "SWE"]
[SourceTitle "CBM 149 Extra"]
[Source "ChessBase"]
[SourceDate "2012.08.24"]
[SourceVersion "1"]
[SourceVersionDate "2012.08.24"]
[SourceQuality "1"]

1. e4 c6 2. d3 d5 3. Nd2 e5 4. Ngf3 Bd6 5. g3 Ne7 6. Bg2 Na6 7. 0-0 0-0 8. Re1 Ng6 9. b4 Nxb4 10. a3 Na6 11. exd5 cxd5 12. Bb2 Re8 13. c4 d4 14. Ne4 Bc7 15. Qb3 h6 16. Nfd2 f5 17. c5+ Kh7 18. Bxd4 Rf8 19. Nd6 exd4 20. Nxc8 Rxc8 21. Qxb7 Nxc5 22. Qb5 Ba5 23. Re2 a6 24. Qc4 Bxd2 25. Rxd2 Ne4 26. Qa2 Nxd2 27. Qxd2 Rc3 28. Re1 Re8 29. Rb1 Qa5 30. Rb7 Rc1+ 0-1

[Event "Gothenburg op"]
[Site "Gothenburg"]
[Date "2012.08.11"]
[Round "1"]
[White "Fransson, Lennard"]
[Black "Persson, Borje"]
[Result "1-0"]
[WhiteElo "2099"]
[BlackElo "1866"]
[PlyCount "71"]
[EventDate "2012.08.11"]
[EventType "swiss"]
[EventRounds "9"]
[EventCountry "SWE"]
[SourceTitle "CBM 149 Extra"]
[Source "ChessBase"]
[SourceDate "2012.08.24"]
[SourceVersion "1"]
[SourceVersionDate "2012.08.24"]
[SourceQuality "1"]

1. c4 e6 2. g3 d5 3. Bg2 c5 4. Nf3 Nc6 5. 0-0 Nf6 6. cxd5 exd5 7. d4 cxd4 8. Nxd4 Be7 9. Nc3 0-0 10. b3 Re8 11. Bb2 Bf8 12. h3 h6 13. Rc1 Be6 14. Nxe6 fxe6 15. Nb5 Rc8 16. Qd3 a6 17. Nd4 Nb4 18. Rxc8 Qxc8 19. Qg6 Qd7 20. a3 e5 21. Nf5 Nc6 22. Nxh6+ Kh8 23. Nf7+ Kg8 24. Ng5 Nd4 25. e3 Nxb3 26. f4 Bc5 27. Bxe5 Bxe3+ 28. Kh2 Bd4 29. Qd3 Bxe5 30. fxe5 Rxe5 31. Nf3 Rh5 32. Qxb3 Ng4+ 33. Kg1 Nf6 34. g4 Nxg4 35. hxg4 Qxg4 36. Qe3 1-0

[Event "Gothenburg Manhem-B"]
[Site "Gothenburg"]
[Date "2010.08.18"]
[Round "9"]
[White "Wahlstrom, Lennart"]
[Black "Fransson, Lennard"]
[Result "0-1"]
[WhiteElo "2169"]
[BlackElo "2098"]
[PlyCount "98"]
[EventDate "2010.08.10"]
[EventType "tourn"]
[EventRounds "9"]
[EventCountry "SWE"]
[SourceTitle "CBM 137 Extra"]
[Source "ChessBase"]
[SourceDate "2010.09.01"]
[SourceVersion "1"]
[SourceVersionDate "2010.09.01"]
[SourceQuality "1"]

1. e4 c6 2. d4 d5 3. exd5 cxd5 4. c4 e6 5. Nc3 Nf6 6. Nf3 Be7 7. Be2 0-0 8. 0-0 dxc4 9. Bxc4 Nc6 10. Be3 Nb4 11. Ne5 a6 12. a3 Nbd5 13. Bd3 Nxc3 14. bxc3 Qc7 15. Bd2 Rd8 16. Qf3 Bd7 17. Rfe1 Be8 18. Bf4 Nd5 19. Qh3 f5 20. Bd2 b5 21. Qg3 Bd6 22. a4 bxa4 23. c4 Nb4 24. Bg5 Bxe5 25. Rxe5 Nxd3 26. Bxd8 Rxd8 27. Rxe6 Qxc4 28. Qg5 Qxd4 29. Rf1 Bb5 30. Re7 Rf8 31. Qd2 Qc5 32. Re3 Ne5 33. Rc3 Nc4 34. Qa2 Kh8 35. Rfc1 Rc8 36. Qe2 Qd5 37. Rd1 Qf7 38. Qf3 h6 39. Rdc1 Re8 40. h3 a3 41. g4 Rf8 42. Qg3 fxg4 43. hxg4 Qd5 44. Rd3 Qe4 45. Kh2 Ne5 46. Rxa3 Nxg4+ 47. Kg1 Nxf2 48. Qg2 Qd4 49. Kh2 Qf4+ 0-1

[Event "Gothenburg Manhem-B"]
[Site "Gothenburg"]
[Date "2010.08.15"]
[Round "6"]
[White "Berggren Torell, Harald"]
[Black "Fransson, Lennard"]
[Result "1/2-1/2"]
[WhiteElo "1927"]
[BlackElo "2098"]
[PlyCount "89"]
[EventDate "2010.08.10"]
[EventType "tourn"]
[EventRounds "9"]
[EventCountry "SWE"]
[SourceTitle "CBM 137 Extra"]
[Source "ChessBase"]
[SourceDate "2010.09.01"]
[SourceVersion "1"]
[SourceVersionDate "2010.09.01"]
[SourceQuality "1"]

1. f4 Nf6 2. Nf3 d5 3. e3 Bg4 4. Be2 Bxf3 5. Bxf3 Nbd7 6. 0-0 e5 7. d4 e4 8. Be2 Bd6 9. b3 Qe7 10. c4 c6 11. Nc3 0-0 12. Bd2 c5 13. Nb5 dxc4 14. Bxc4 a6 15. Nxd6 Qxd6 16. dxc5 Qxc5 17. Rc1 Qa7 18. a4 Rfd8 19. Qe2 b5 20. axb5 axb5 21. Bxb5 Qa2 22. Bc3 Qxb3 23. Bc4 Qa4 24. Bd4 Rab8 25. Ra1 Qb4 26. Qa2 Qe7 27. Qa7 Ng4 28. Ra5 g6 29. f5 Rb4 30. Ba2 Qd6 31. g3 g5 32. Rd5 Qc6 33. Qc5 Qxc5 34. Bxc5 Rb2 35. Bb1 Rc8 36. Bd4 Rb7 37. Bxe4 Ngf6 38. Rc5 Nxc5 39. Bxb7 Nxb7 40. Bxf6 Nd6 41. Bd4 Rc2 42. Rf2 Rxf2 43. Kxf2 Nxf5 44. g4 Nd6 45. Kf3 1/2-1/2

[Event "Gothenburg Elo"]
[Site "Gothenburg"]
[Date "2008.08.02"]
[Round "1"]
[White "Fransson, Lennard"]
[Black "Holmgren, Bjorn"]
[Result "1/2-1/2"]
[WhiteElo "2036"]
[BlackElo "1924"]
[PlyCount "99"]
[EventDate "2008.08.02"]
[EventType "tourn"]
[EventRounds "9"]
[EventCountry "SWE"]
[SourceTitle "CBM 125 Extra"]
[Source "ChessBase"]
[SourceDate "2008.09.01"]
[SourceVersion "1"]
[SourceVersionDate "2008.09.01"]
[SourceQuality "1"]

1. c4 c5 2. g3 Nc6 3. Bg2 g6 4. Nc3 Bg7 5. e3 Nf6 6. Nge2 0-0 7. d4 cxd4 8. exd4 d6 9. 0-0 Bf5 10. h3 h5 11. Bg5 Qc8 12. Kh2 Nh7 13. Be3 Nb4 14. Rc1 Nf6 15. Qb3 Nc6 16. Qa3 Re8 17. b4 a5 18. b5 Nb4 19. c5 Nc2 20. Rxc2 Bxc2 21. Rc1 Bf5 22. Na4 Qb8 23. c6 bxc6 24. Bxc6 Bd7 25. Bxa8 Qxb5 26. Nac3 Qb4 27. Qxb4 axb4 28. Bb7 bxc3 29. Rxc3 Rb8 30. Rc7 Be6 31. a4 Ne8 32. Rxe7 Bf6 33. Rxe8+ Rxe8 34. Bc6 Rc8 35. d5 Bf5 36. Nd4 Be4 37. Nb5 Rxc6 38. dxc6 Bxc6 39. Kg1 d5 40. Kf1 d4 41. Bf4 g5 42. Bd6 Bd7 43. Ke2 Bxh3 44. a5 d3+ 45. Kd2 Bd7 46. Nc7 Bd4 47. f4 gxf4 48. Bxf4 Bf5 49. a6 Be4 50. Nb5 1/2-1/2